000 00703nam a2200205Ia 4500
005 20260121110215.0
008 008 260114s9999 xx 000 0 hin d
020 _a9788132300762
037 _aEBOOK
040 _aCRL
_bhin
_cCRL
041 _ahin
_2hin
084 _qCRL
100 _aप्रसिद्ध सावंत / Prasiddh Sawant
_9943352
245 0 _aशिक्षा के तकनीकी परिप्रेक्ष्य / Shiksha ke takneekee pariprekshya
260 _bभाषा प्रकाशन / Bhasha Prakashan
_c2020
856 _uhttps://bhashaprakashan.com/product-details/377742
942 _cEBOOK
999 _c1535017
_d1535017